000 00317nam a22001337a 4500
008 170605b xxu||||| |||| 00| 0 eng d
020 _a9780500251744
041 _aeng
080 _a94
100 _a18
101 _aSHH
245 _aSEARCHING FOR UTOPIA THE HISTORY OF AN IDEA
_cCLAEYS.G
942 _2udc
_cBK
999 _c15958
_d15958